All Lil B Projects (Solo) - Statistics

General Stats
  • This quiz has been taken 5 times
  • The average score is 36 of 76
Answer Stats
Date Project Type Project Name % Correct
Dec. 2009 Mixtape 6 Kiss
100%
Sep. 2011 Mixtape Black Flame
100%
Sep. 2010 Mixtape Blue Flame
100%
Jul. 2012 CompilationMixtape 855 Song Based Freestyle Mixtape
100%
Nov. 2010 Mixtape Evil Red Flame
100%
Feb. 2012 Mixtape Gods Father
100%
Jun. 2012 Mixtape Green Flame
100%
Sep. 2009 Mixtape Im Thraxx
100%
Feb. 2013 Mixtape Pink Flame
100%
May. 2018 Mixtape Platinum Flame
100%
Nov. 2010 Mixtape Red Flame
100%
Feb. 2011 Mixtape Red Flame (Devil Music Edition)
100%
Mar. 2021 Mixtape Santa
100%
Jun. 2024 Mixtape The Book of Flame
100%
Jan. 2012 Mixtape White Flame
100%
Dec. 2023 Mixtape Winged Wheelchair Squad
100%
Dec. 2013 Mixtape 05 Fuck 'em
67%
Dec. 2022 InstrumentalAlbum Afrikantis
67%
Oct. 2023 Mixtape BasedGods Pro Skater
67%
Jun. 2023 Mixtape Bitch Mob tha Album
67%
Aug. 2017 Mixtape Black Ken
67%
Dec. 2022 Mixtape Call of Duty Task Force
67%
Jul. 2010 Mixtape Everything Based
67%
Jun. 2011 Studio Album Im Gay (Im Happy)
67%
Jul. 2010 Mixtape Paint
67%
Sep. 2010 Studio Album Rain in England
67%
Jul. 2012 Mixtape Task Force
67%
Aug. 2019 Mixtape The Hunchback of BasedGod
67%
Jun. 2013 Mixtape 100% Percent Gutta
33%
Apr. 2019 Mixtape 28 Wit a Ladder
33%
Jan. 2020 Mixtape 30 Wit a Hammer
33%
Jan. 2011 Studio Album Angels Exodus
33%
Dec. 2011 Mixtape BasedGod Velli
33%
Aug. 2012 Mixtape Based Jam
33%
Feb. 2014 Mixtape Basedworld Paradise
33%
Dec. 2011 Mixtape Blue Eyes
33%
Jul. 2020 Mixtape Bruno Wit da Pruno
33%
Aug. 2023 Mixtape B - Unit
33%
May. 2012 InstrumentalAlbum Choices and Flowers
33%
Nov. 2012 Mixtape Crime Fetish
33%
Jun. 2022 Mixtape Frozen
33%
Sep. 2012 Mixtape Frozen Based Freestyle Mixtape
33%
Dec. 2012 Mixtape Glassface
33%
Dec. 2011 Mixtape Goldhouse
33%
Apr. 2020 Mixtape Gutta Dealership
33%
Oct. 2012 Mixtape Halloween H20
33%
Jun. 2014 Mixtape Hoop Life
33%
Nov. 2020 Mixtape Hoop Life 2
33%
Aug. 2011 Mixtape I Forgive You
33%
Mar. 2011 Mixtape Illusions of Grandeur
33%
Nov. 2019 Mixtape Loyalty Casket
33%
Dec. 2010 Mixtape/EP Mm Christmas
33%
Jul. 2012 Mixtape Obama BasedGod
33%
Oct. 2018 Mixtape Options
33%
Oct. 2021 Mixtape Red Flame After the Fire
33%
Sep. 2010 Mixtape Roses Exodus
33%
Dec. 2012 InstrumentalAlbum Tears 4 God
33%
Apr. 2012 Mixtape The Basedprint 2
33%
Jun. 2022 Mixtape The Frozen Tape
33%
Oct. 2011 Mixtape The Silent President
33%
Aug. 2022 Mixtape Thraxxx Kiss
33%
Dec. 2015 Mixtape Thugged out Pissed Off
33%
Feb. 2020 Mixtape Trap Oz
33%
Apr. 2012 Mixtape Trapped in BasedWorld
33%
May. 2012 Mixtape Water Is Dmg
33%
Mar. 2012 Mixtape #1 Bitch
0%
May. 2011 Mixtape Bitch Mob Respect da Bitch
0%
Mar. 2010 Mixtape Dior Paint
0%
Feb. 2011 Compilation Mixtape Free Music: The Complete Myspace Collection
0%
Oct. 2010 Mixtape/EP Gold Dust
0%
Oct. 2012 Mixtape Illusions of Grandeur 2
0%
Sep. 2010 Mixtape Mf Based
0%
Mar. 2013 Mixtape Pyt Pretty Young Thug Mixtape
0%
Jul. 2012 Mixtape Rich After Taxes
0%
Oct. 2014 Mixtape Ultimate Bitch
0%
Nov. 2010 Mixtape/EP Where Did the Sun Go
0%
No matching quizzes found
Score Distribution
Percent of People with Each Score
Percentile by Number Answered
Your Score History
You have not taken this quiz